000 00252nam a22001217a 4500
008 181024b xxu||||| |||| 00| 0 eng d
041 _aeng
080 _a610
100 _a3
101 _aSHM
245 _aHiv Essentials
_cSax.P.E
942 _2udc
_cBK
999 _c50825
_d50825